| 000 | 00605nam a2200181 i 4500 | ||
|---|---|---|---|
| 001 | 84265 | ||
| 003 | ES-MaACL | ||
| 005 | 20230906175001.0 | ||
| 007 | t| | ||
| 008 | 041122s1956 sp ||||1| spa d | ||
| 100 | 1 |
_aIzzard, Ralph. _965756 |
|
| 245 | 1 | 3 |
_aEl abominable hombre de las nieves _b: expedición inglesa tras las huellas del "Yeti" / _cRalph Izzard ; [traducción de Juan G. de Luaces]. |
| 250 | _a[1ª ed.]. | ||
| 260 |
_aBarcelona : _bJuventud, _c[1956] ( _fAtenas) |
||
| 300 |
_a222 p., 12 lám. ; _c22 cm. |
||
| 700 | 0 |
_aLuaces, Juan G. de. _974483 |
|
| 852 |
_aES-MaACL _jC-11499 _bR.38640 |
||
| 999 |
_c84265 _d84265 |
||